|
|
|
|
| LEADER |
01857nam a2200433 a 4500 |
| 001 |
000698638 |
| 003 |
CZ BrMZK |
| 005 |
20051118133626.0 |
| 007 |
ta |
| 008 |
031202s2003 xr a e p 000 0 eng d |
| 015 |
|
|
|a cnb001284606
|
| 020 |
|
|
|a 80-01-02824-0
|q (brož.) :
|c Kč 161,00
|
| 035 |
|
|
|a (OCoLC)56861406
|
| 040 |
|
|
|a BOA001
|b cze
|
| 072 |
|
7 |
|a 004.4/.6
|x Programování. Software
|2 Konspekt
|9 23
|
| 072 |
|
7 |
|a 37.016
|x Učební osnovy. Vyučovací předměty. Učebnice
|2 Konspekt
|9 22
|
| 080 |
|
|
|a 004.42.032.24
|2 MRF
|
| 080 |
|
|
|a 004.272.43
|2 MRF
|
| 080 |
|
|
|a 510.5
|2 MRF
|
| 080 |
|
|
|a (075.8)
|2 MRF
|
| 100 |
1 |
|
|a Tvrdík, Pavel,
|d 1956-
|7 ntka174200
|4 aut
|
| 245 |
1 |
0 |
|a Parallel algorithms and computing /
|c Pavel Tvrdík
|
| 250 |
|
|
|a Vyd. 1.
|
| 260 |
|
|
|a Praha :
|b Vydavatelství ČVUT,
|c 2003
|
| 300 |
|
|
|a xvi, 200 s. :
|b il. ;
|c 30 cm
|
| 500 |
|
|
|a Vydavatel: České vysoké učení technické v Praze. Fakulta elektrotechnická
|
| 500 |
|
|
|a 100 výt.
|
| 504 |
|
|
|a Obsahuje bibliografii
|
| 650 |
0 |
7 |
|a multiprocesorové systémy
|7 ph123043
|2 czenas
|
| 650 |
0 |
7 |
|a algoritmy
|7 ph114026
|2 czenas
|
| 650 |
0 |
7 |
|a paralelní programování
|7 ph115669
|2 czenas
|
| 655 |
|
7 |
|a učebnice vysokých škol
|7 fd133772
|2 czenas
|
| 710 |
2 |
|
|a České vysoké učení technické v Praze.
|b Elektrotechnická fakulta
|7 kn20010710175
|
| 856 |
4 |
1 |
|u http://www.digitalniknihovna.cz/mzk/uuid/uuid:3d8babc0-6256-11e3-ac69-005056827e51
|y Digitalizovaný dokument
|x NDK
|
| 910 |
|
|
|a BOA001
|b 3-1124.921
|
| 990 |
|
|
|a BK
|
| 996 |
6 |
|
|b 2610206128
|c 3-1124.921
|l MZK
|r Sklad / do 1 hodiny
|n 0
|p p.v.
|w 000698638
|u 000010
|a 1
|e BOA001
|j MZK50
|s P
|
| 996 |
7 |
|
|b 2610206129
|c 3-1124.921
|l MZK
|r Sklad / do 1 hodiny
|n 2
|p kup
|w 000698638
|u 000020
|a 1
|e BOA001
|j MZK50
|s A
|
| 996 |
7 |
|
|b 2610263153
|c 3-1124.921
|l MZK
|r Sklad / do 1 hodiny
|n 0
|p kup dotisk 2005
|w 000698638
|u 000030
|a 1
|e BOA001
|j MZK50
|s A
|